Countries with an Area of ​​Less than 1000 km² - Sudden Death - Statistics

General Stats
  • This quiz has been taken 88 times
    6 since last reset
  • The average score is 7 of 25
Answers on the Grid
Answers color-coded by a green-red scale on the quiz's grid according to % correct below.
Andorra
Antigua and Barbuda
Bahamas
Bahrain
Barbados
Brunei
Cape Verde
Comoros
Dominica
FS of Micronesia
Grenada
Kiribati
Liechtenstein
Luxembourg
Maldives
Malta
Marshall Islands
Mauritius
Monaco
Nauru
Palau
Qatar
Saint Kitts and Nevis
Saint Lucia
St Vincent and the Grenadines
Samoa
San Marino
Sao Tome & Principe
Seychelles
Singapore
Tonga
Trinidad and Tobago
Tuvalu
Vanuatu
Vatican City
 
Answer Stats
Answer % Correct
Liechtenstein
100%
Antigua and Barbuda
50%
Grenada
50%
Malta
50%
Marshall Islands
50%
Nauru
50%
Palau
50%
Saint Kitts and Nevis
50%
San Marino
50%
Sao Tome & Principe
50%
Seychelles
50%
Tuvalu
50%
Vatican City
50%
Andorra
0%
Bahrain
0%
Barbados
0%
Dominica
0%
FS of Micronesia
0%
Kiribati
0%
Maldives
0%
Monaco
0%
Saint Lucia
0%
Singapore
0%
St Vincent and the Grenadines
0%
Tonga
0%
No matching quizzes found
Score Distribution
Percent of People with Each Score
Percentile by Number Answered
Your Score History
You have not taken this quiz since the last reset